Normal view MARC view
  • GHOSHAL, S.C

Entry Personal Name

Number of records used in: 1

001 - CONTROL NUMBER

  • control field: 8223

003 - CONTROL NUMBER IDENTIFIER

  • control field: JRU

005 - DATE AND TIME OF LATEST TRANSACTION

  • control field: 20231103124509.0

008 - FIXED-LENGTH DATA ELEMENTS

  • fixed length control field: 231103|| aca||aabn | a|a d

040 ## - CATALOGING SOURCE

  • Original cataloging agency: JRU
  • Transcribing agency: JRU

100 ## - HEADING--PERSONAL NAME

  • Personal name: GHOSHAL, S.C

670 ## - SOURCE DATA FOUND

  • Source citation: Work cat.: (JRU)8446: GHOSHAL, S.C, HANDBOOK ON SAMPLING OF ORES AND MINERALS